All Country Flags by Initial Letter in 2 Minutes - Statistics

General Stats
  • This quiz has been taken 58,293 times
    57,696 since last reset
  • The average score is 64 of 196
Answer Stats
Picture Answer % Correct
Brazil
39%
Canada
39%
Israel
39%
South Korea
39%
United Kingdom
39%
United States
39%
Albania
38%
Argentina
38%
Australia
38%
China
38%
Cyprus
38%
Finland
38%
Greece
38%
India
38%
Ireland
38%
Ivory Coast
38%
Japan
38%
Mexico
38%
Nepal
38%
Spain
38%
Switzerland
38%
Belgium
37%
France
37%
Germany
37%
Iceland
37%
Italy
37%
Jamaica
37%
Norway
37%
Portugal
37%
Russia
37%
Saudi Arabia
37%
South Africa
37%
Sweden
37%
Turkey
37%
Ukraine
37%
Bangladesh
36%
Chile
36%
Croatia
36%
Czech Republic
36%
Denmark
36%
Egypt
36%
Georgia
36%
Iran
36%
Kazakhstan
36%
Kenya
36%
Lebanon
36%
Morocco
36%
New Zealand
36%
Nigeria
36%
North Korea
36%
North Macedonia
36%
Pakistan
36%
Qatar
36%
Slovakia
36%
Tunisia
36%
Uruguay
36%
Vatican City
36%
Vietnam
36%
Algeria
35%
Austria
35%
Bhutan
35%
Cuba
35%
Estonia
35%
Indonesia
35%
Kosovo
35%
Malaysia
35%
Malta
35%
Netherlands
35%
Panama
35%
Poland
35%
Romania
35%
Serbia
35%
Slovenia
35%
Sri Lanka
35%
Thailand
35%
Afghanistan
34%
Angola
34%
Barbados
34%
Belarus
34%
Bosnia and Herzegovina
34%
Bulgaria
34%
Cambodia
34%
Colombia
34%
Iraq
34%
Latvia
34%
Luxembourg
34%
Philippines
34%
Singapore
34%
Taiwan
34%
Uganda
34%
Venezuela
34%
Bahrain
33%
Hungary
33%
Liechtenstein
33%
Monaco
33%
Mongolia
33%
Montenegro
33%
Peru
33%
San Marino
33%
Seychelles
33%
Somalia
33%
Andorra
32%
Armenia
32%
Azerbaijan
32%
Costa Rica
32%
Dominican Republic
32%
Ecuador
32%
Ethiopia
32%
Kyrgyzstan
32%
Laos
32%
Liberia
32%
Moldova
32%
Papua New Guinea
32%
Trinidad and Tobago
32%
Turkmenistan
32%
Uzbekistan
32%
Bahamas
31%
Botswana
31%
Brunei
31%
Chad
31%
Fiji
31%
Ghana
31%
Haiti
31%
Honduras
31%
Lithuania
31%
Myanmar
31%
Niger
31%
Palau
31%
Paraguay
31%
St. Lucia
31%
Syria
31%
Antigua and Barbuda
30%
D. R. Congo
30%
Eswatini
30%
Lesotho
30%
Libya
30%
Maldives
30%
Mauritania
30%
Oman
30%
Tanzania
30%
Tonga
30%
United Arab Emirates
30%
Zambia
30%
Belize
29%
Burkina Faso
29%
Burundi
29%
Cameroon
29%
Cape Verde
29%
Central African Republic
29%
East Timor
29%
F. S. Micronesia
29%
Guatemala
29%
Jordan
29%
Kiribati
29%
Madagascar
29%
Malawi
29%
Mozambique
29%
Senegal
29%
Sudan
29%
Suriname
29%
Tajikistan
29%
Yemen
29%
Zimbabwe
29%
Comoros
28%
Dominica
28%
El Salvador
28%
Eritrea
28%
Kuwait
28%
Nicaragua
28%
Samoa
28%
St. Vincent and the Grenadines
28%
Togo
28%
Djibouti
27%
Gabon
27%
Grenada
27%
Guyana
27%
Marshall Islands
27%
Namibia
27%
Sao Tome and Principe
27%
South Sudan
27%
Benin
26%
Bolivia
26%
Equatorial Guinea
26%
Gambia
26%
Guinea-Bissau
26%
Mali
26%
Mauritius
26%
Nauru
26%
Sierra Leone
26%
St. Kitts and Nevis
26%
Tuvalu
26%
Guinea
25%
Rwanda
25%
Solomon Islands
25%
Vanuatu
25%
Republic of the Congo
22%
No matching quizzes found
Score Distribution
Percent of People with Each Score
Percentile by Number Answered
Your Score History
You have not taken this quiz since the last reset